| 000 | 00568cam a2200217ua 4500 | ||
|---|---|---|---|
| 041 |
_aeng _h |
||
| 082 |
_a671.25 _bMAC/DI |
||
| 100 | _aBarton, L C . | ||
| 245 |
_aDie casting dies, Part 2 / _cL C Barton. _hTextual Documents |
||
| 260 |
_a : _bMachinery Publishing co. Ltd. |
||
| 300 | _a63 ; . | ||
| 362 | 0 | _aPart 2- | |
| 440 | 0 |
_aMachinery Yellowbook series , _v4D _x; |
|
| 490 | 0 |
_aMachinery Yellowbook series , _v4D _x; |
|
| 504 | _a | ||
| 700 | 1 | _aBarton , H K . | |
| 942 | _cBK | ||
| 999 |
_c6197 _d6197 |
||